[Event "CZE-tht Extraliga 2018-19"]
[Site "Czech Republic"]
[Date "2019.01.13"]
[Round "6"]
[White "Ftacnik, Lubomir"]
[Black "Konopka, Michal"]
[Result "1-0"]
[WhiteElo "2512"]
[BlackElo "2363"]
[Annotator "TA"]
[PlyCount "73"]
[EventDate "2018.11.03"]
[EventType "team-tourn"]
[EventCountry "CZE"]
[SourceTitle "playchess.com"]
[Source "ChessBase"]
[SourceQuality "1"]
[WhiteTeam "Turnov"]
[BlackTeam "Siesta B"]

{[%evp 31,73,27,54,54,52,55,55,45,60,76,85,84,94,85,93,95,95,93,91,91,91,91,105,96,119,109,122,67,70,68,73,71,76,50,54,47,71,48,260,206,29994,29995,29997,29998]} 1. Nf3 d5 2. e3 Nf6 3. c4 c6 4. Nc3 g6 5. d4 Bg7 6. Bd3 O-O 7. O-O Bg4 8. h3 Bxf3 9. Qxf3 dxc4 10. Bxc4 Nbd7 11. Rd1 e5 12. d5 e4 13. Nxe4 Nxe4 14. Qxe4 Nb6 15. Bb3 {D94: Grünfeld: 4 Nf3 Bg7 5 e3} (15. Rb1 Qd6 16. Bb3 cxd5 17. Qd3 a5 18. a3 Qe6 19. Bd2 Rfc8 20. Be1 Rc5 21. Ba2 Nc4 22. b4 axb4 23. Bxb4 {1-0 (84) Riazantsev,A (2654)-Li,C (2735) Geneva 2017}) 15... cxd5 16. Qf3 Qe7 {LiveBook: 3 Games} 17. Bd2 {White is slightly better.} Rac8 $146 ({Predecessor:} 17... Qe4 18. Qxe4 dxe4 19. Rac1 Rfc8 20. Ba5 Be5 21. g3 Kg7 22. g4 h6 {½-½ (54) Shariyazdanov,A (2475)-Karavaev,V (2370) Kazan 1995}) 18. Ba5 Nc4 19. Rxd5 Nxa5 20. Rxa5 Bxb2 {[#]} 21. Rd1 $1 a6 22. Rad5 Rc7 23. Qg4 b5 24. Rd7 Rxd7 25. Rxd7 Qf6 26. Qd1 a5 27. Rb7 Kh8 28. Rxb5 Rc8 {[#] ...Rc1 is the strong threat.} 29. Qe2 ({Don't blunder} 29. Rxa5 $2 Rc1 $19) (29. Qd2 $16) 29... Rc1+ $14 30. Kh2 Be5+ 31. f4 Bc7 32. Rd5 Rc3 {aiming for ...a4!} 33. g3 $36 {[%mdl 2048] White has the initiative.} Rc1 34. Rd7 Qc3 $2 (34... Qc6 $14 35. Rd1 f6) 35. Qg2 {Threatening mate with Qa8+.} Qxe3 $2 (35... Qc6 $18 36. Rxf7 Bb6) 36. Qa8+ Kg7 37. Rxf7+ {Accuracy: White = 72%, Black = 40%.} 1-0

[Event "CZE-tht Extraliga 2018-19"]
[Site "Czech Republic"]
[Date "2019.01.13"]
[Round "6"]
[White "Pakleza, Zbigniew"]
[Black "Szotkowski, Jakub"]
[Result "1-0"]
[WhiteElo "2506"]
[BlackElo "2357"]
[Annotator "TA"]
[PlyCount "99"]
[EventDate "2018.11.03"]
[EventType "team-tourn"]
[EventCountry "CZE"]
[SourceTitle "playchess.com"]
[Source "ChessBase"]
[SourceQuality "1"]
[WhiteTeam "Ostrava"]
[BlackTeam "Beskydska"]

{[%evp 18,99,51,52,68,75,82,83,77,78,96,94,90,87,84,100,147,135,135,61,120,117,121,118,125,129,152,125,140,138,147,158,164,141,125,132,212,200,185,191,260,261,312,354,347,349,302,249,230,253,239,247,242,208,247,247,234,192,192,199,320,315,302,302,350,366,337,297,982,979,864,458,394,556,537,538,533,513,495,484,735,679,641,633]} 1. d4 Nf6 2. Nf3 c5 3. d5 d6 4. Nc3 g6 5. e4 Bg7 6. Be2 Bg4 7. O-O O-O 8. Nd2 Bxe2 9. Qxe2 Na6 10. Nc4 {LiveBook: 29 Games. A43: Schmid Benoni} Qd7 $146 ({Predecessor:} 10... Nc7 11. a4 Qd7 12. Bd2 e6 13. Qd3 exd5 14. exd5 Rfe8 15. h3 Na6 16. Nb5 Ne4 17. Rae1 Nxd2 18. Qxd2 {1-0 (55) Sankalp,G (2365)-Vishnu,P (2525) New Delhi 2018}) 11. a4 Nb4 12. Nb5 {White is better.} Ne8 13. Rd1 Nc7 14. Nxc7 Qxc7 15. c3 Na6 16. Bf4 f6 17. g4 Qd7 18. Bg3 (18. Ne3 $16) 18... Nc7 (18... f5 $14) 19. f4 $16 f5 20. gxf5 gxf5 21. e5 {[%cal Be4e5,Be5e6][%mdl 32]} Kh8 22. Rd3 Rg8 23. Kh1 Bh6 24. Qh5 Rg6 {[#]} 25. e6 $1 {[%cal Re6d7]} Qe8 26. b3 Qg8 (26... Bg7 $16) 27. Ne3 (27. Qxf5 $6 Rf8 $16) 27... Ne8 28. Nxf5 ({Resist} 28. Qxf5 $6 Nf6 $16) 28... Ng7 (28... Qf8 {is a better defense.} 29. Nh4 Rg8) 29. Nxg7 $18 ({Weaker is} 29. Nxh6 Nxh5 30. Nxg8 Raxg8 $14) 29... Qxg7 30. f5 Rg5 31. Qh3 Rg8 32. Rf1 Rg4 {[#]} 33. f6 $1 {[%cal Rf6g7][%mdl 512]} exf6 34. Rdf3 Rg6 35. c4 b6 36. Qg2 Bg5 37. Qf2 Qe7 38. Rf5 a6 (38... Rh6 $142 39. Qe2 Rg7) 39. Qf3 Rh6 40. Be1 Rgg6 41. Bc3 Kg7 42. Rg1 Bh4 $2 (42... Kg8 43. Rg3 Qg7) 43. Rg4 Kg8 44. Rxh4 Qg7 {[%csl Gg7][%cal Rg6g1]} 45. Qf2 Rxh4 {White is clearly winning.} 46. Bxf6 Rxf6 47. Rxf6 Rd4 {...Rd1+ is the strong threat.} 48. Qg3 {Strongly threatening e7.} Qxg3 (48... Re4 $142 49. Qxg7+ Kxg7 50. Rf7+ Kg6) 49. hxg3 {Black must now prevent e7.} Re4 50. Kg2 {Precision: White = 80%, Black = 54%.} 1-0

[Event "CZE-tht Extraliga 2018-19"]
[Site "Czech Republic"]
[Date "2019.01.13"]
[Round "6"]
[White "Ponizil, Cyril"]
[Black "Laznicka, Viktor"]
[Result "1/2-1/2"]
[WhiteElo "2491"]
[BlackElo "2675"]
[Annotator "TA"]
[PlyCount "60"]
[EventDate "2018.11.03"]
[EventType "team-tourn"]
[EventCountry "CZE"]
[SourceTitle "playchess.com"]
[Source "ChessBase"]
[SourceQuality "1"]
[WhiteTeam "Duras"]
[BlackTeam "Novoborsky"]

{[%evp 13,60,44,54,10,23,1,0,0,22,2,6,5,4,4,5,2,4,12,8,5,24,5,0,0,16,0,17,18,27,28,22,20,29,0,0,0,17,25,37,10,11,0,17,0,-2,-10,0,-21,0]} 1. e4 d6 2. d4 Nf6 3. f3 e5 4. dxe5 dxe5 5. Qxd8+ Kxd8 6. Bc4 Ke8 7. Be3 Nbd7 {LiveBook: 89 Games} 8. Nh3 {B07: Pirc Defence: Miscellaneous Systems} (8. Nd2 {is interesting.} Bc5 9. Nf1 a5 10. a4 Kf8 11. Ne2) (8. Nc3 c6 9. a4 a5 10. Nge2 Bc5 11. Nd1 Bxe3 12. Nxe3 Nc5 13. Kf2 Nfd7 14. Rhd1 Nb6 15. b3 Ke7 16. Nc1 f6 {0-1 (70) Neverov,V (2496)-Onischuk,V (2637) Zhitomir 2017}) 8... Bc5 9. Bxc5 Nxc5 10. Nf2 {[%cal Bh3f2,Bf2g4,Bg4e3][%mdl 32]} Ke7 11. Nd2 a5 $146 ({Predecessor:} 11... Ne8 12. Nd3 Nd7 13. Nf1 Nd6 14. Ne3 c6 15. Kf2 f6 {0-1 (60) Hansch,K (2233)-Leisner,H (2237) Germany 2017}) 12. Nb3 Ncd7 13. a4 Ne8 14. Ng4 Nd6 15. Be2 f6 16. Ne3 c6 17. O-O-O Nb6 18. Nc5 Nd7 19. Nb3 g6 20. Rd2 {White wants to play Rhd1.} Rd8 21. Rhd1 Nb6 22. Nc5 Nf7 23. b3 (23. Bd3 {seems wilder.} Nd7 24. Nxd7 Rxd7 25. Nc4 Ra6 26. h4) 23... Rxd2 24. Kxd2 Kd6 25. Nd3 $36 {[%mdl 2048] White has the initiative.} Nd7 26. c3 Kc7 {The position is equal.} 27. Kc2 Nd6 28. g3 b6 29. h4 {[%cal Bh2h4,Bh4h5][%mdl 32]} Ba6 30. h5 Rg8 {Precision: White = 31%, Black = 60%.} 1/2-1/2

[Event "CZE-tht Extraliga 2018-19"]
[Site "Czech Republic"]
[Date "2019.01.13"]
[Round "6"]
[White "Jirovsky, Milos"]
[Black "Jansa, Vlastimil"]
[Result "1/2-1/2"]
[WhiteElo "2448"]
[BlackElo "2454"]
[Annotator "TA"]
[PlyCount "44"]
[EventDate "2018.11.03"]
[EventType "team-tourn"]
[EventCountry "CZE"]
[SourceTitle "playchess.com"]
[Source "ChessBase"]
[SourceQuality "1"]
[WhiteTeam "Pardubice"]
[BlackTeam "Lysa nad Labem"]

{[%evp 13,44,-2,23,0,0,-9,-3,-8,-6,-29,-8,-14,-16,-11,-2,-24,26,0,5,0,11,12,6,11,19,0,0,0,15,24,46,0,34]} 1. c4 g6 2. g3 Bg7 3. Bg2 c5 4. Nc3 Nc6 5. Nf3 {[%cal Bg1f3,Bf3d2,Bd2f1][%mdl 32]} e5 6. d3 Nge7 7. Nd2 a6 {LiveBook: 4 Games. A37: Symmetrical English vs ...g6: 4 Bg2 Bg7 5 Nf3} (7... d6 8. Nf1 a6 9. Bg5 Rb8 10. a4 Be6 11. Bxe7 Nxe7 12. Ne3 h5 13. h4 O-O 14. Ned5 Nc6 15. e3 a5 16. O-O Nb4 17. Qd2 Qd7 18. Nxb4 cxb4 19. Ne4 Kh8 20. Ng5 Rbe8 21. Nxe6 {½-½ (21) Adhiban,B (2655)-Wei,Y (2743) Wijk aan Zee 2018}) 8. Nf1 Rb8 9. a4 O-O 10. Ne3 b6 $146 ({Predecessor:} 10... d6 11. O-O Nb4 12. Ned5 Nbxd5 13. Nxd5 Nxd5 14. Bxd5 Qe7 15. a5 {1-0 (23) Smith,A (2484)-Leito,P (2333) Puhajarve 2012}) 11. O-O Bb7 12. Ned5 Nxd5 13. Nxd5 Ne7 14. Rb1 b5 15. axb5 axb5 16. Bg5 f6 17. Be3 d6 18. b4 Nxd5 19. Bxd5+ Bxd5 20. cxd5 cxb4 21. Rxb4 f5 22. Qd2 Qd7 {Accuracy: White = 48%, Black = 54%.} 1/2-1/2

[Event "CZE-tht Extraliga 2018-19"]
[Site "Czech Republic"]
[Date "2019.01.13"]
[Round "6"]
[White "Biolek, Richard Jr."]
[Black "Azarov, Sergei"]
[Result "0-1"]
[WhiteElo "2447"]
[BlackElo "2575"]
[Annotator "TA"]
[PlyCount "82"]
[EventDate "2018.11.03"]
[EventType "team-tourn"]
[EventCountry "CZE"]
[SourceTitle "playchess.com"]
[Source "ChessBase"]
[SourceQuality "1"]
[WhiteTeam "Ostrava"]
[BlackTeam "Beskydska"]

{[%evp 14,82,5,4,0,5,11,-16,0,0,0,0,0,-4,-8,-13,0,-15,-15,-22,-18,-32,0,-34,-29,-52,-18,-19,-19,-12,-18,-18,-12,-62,-46,-194,-195,-304,-200,-214,-219,-204,-212,-227,-213,-222,-213,-215,-214,-221,-222,-217,-207,-207,-209,-248,-237,-305,-313,-294,-301,-380,-367,-450,-448,-421,-363,-470,-495,-776,-759]} 1. e4 e5 2. Nf3 Nc6 3. d4 exd4 4. Nxd4 Nf6 5. Nc3 Bc5 6. Be3 Bb6 7. Be2 O-O {C47: Scotch Four Knights and Four Knights with 4 g3} 8. Nxc6 {LiveBook: 3 Games} bxc6 (8... dxc6 9. Qxd8 Rxd8 10. Bxb6 axb6 11. O-O Re8 12. Rad1 Kf8 13. Bd3 b5 14. a3 Nd7 15. f4 {½-½ (88) Mokshanov,A (2439)-Chigaev,M (2593) Kazan 2018}) 9. e5 Bxe3 $146 {The position is equal.} ({Predecessor:} 9... Ne8 10. Bf4 d6 11. Qd2 Qe7 12. exd6 cxd6 13. O-O d5 14. Bd3 Be6 15. Qe2 {0-1 (92) Pardon,F (1690)-Chevallier,C Val Thorens 1994}) 10. exf6 Bh6 11. fxg7 Bxg7 12. O-O Rb8 13. Rb1 d5 14. Bd3 Qd6 15. Qh5 {[%csl Gd3][%cal Rh5h7]} f5 16. Rfe1 $1 Bd7 17. Nd1 Rf6 18. h3 Rh6 19. Qg5 Rg6 20. Qh5 $1 Qf6 21. Ne3 {[%cal Re3f5]} Rf8 22. Qf3 Kh8 23. Qf4 Bh6 24. Qxc7 (24. Qf3 $1 $15) 24... Rg7 $1 $19 {Strongly threatening ...f4.} 25. f4 (25. Qxa7 $2 f4 $19) (25. Qh2 $142) 25... d4 26. Nc4 {[#]} Qh4 $1 {[%csl LRf4,LRh3]} 27. Rf1 {[#]} Rfg8 $1 28. Rf2 {[#] Threatens to win with Qe5.} Bxf4 $1 {[%mdl 512]} 29. Qxf4 Rxg2+ $1 $40 {[%mdl 128] Black attacks with force.} 30. Kf1 Rg1+ 31. Ke2 Qxf4 ({Worse is} 31... Qh5+ 32. Kd2 $11) 32. Rxf4 {Black must now prevent Rxg1.} Rxb1 33. Rxd4 Be6 34. Ne3 Rh1 ({Much less strong is} 34... Bxa2 35. b3 $17) 35. Bxf5 Bxf5 ({Not} 35... Bxa2 36. Rd7 $17) 36. Nxf5 Rxh3 {KRR-KRN} 37. Rd6 c5 38. b3 Rg2+ 39. Kf1 Rg5 40. Ne7 Rh2 41. Ra6 (41. Rf6 $142) 41... Rgg2 {Accuracy: White = 39%, Black = 85%.} 0-1

[Event "CZE-tht Extraliga 2018-19"]
[Site "Czech Republic"]
[Date "2019.01.13"]
[Round "6"]
[White "Vykouk, Jan"]
[Black "Jurcik, Martin"]
[Result "1/2-1/2"]
[WhiteElo "2435"]
[BlackElo "2346"]
[Annotator "TA"]
[PlyCount "66"]
[EventDate "2018.11.03"]
[EventType "team-tourn"]
[EventCountry "CZE"]
[SourceTitle "playchess.com"]
[Source "ChessBase"]
[SourceQuality "1"]
[WhiteTeam "Turnov"]
[BlackTeam "Siesta B"]

{[%evp 13,66,16,32,7,10,11,16,18,21,6,12,-7,20,27,29,33,38,18,9,0,0,-35,0,0,1,-35,-34,-49,-52,-42,-30,-47,-79,-110,-104,-98,-106,-108,-104,-106,-43,-174,-127,-145,-143,-139,-148,-169,-66,-70,-14,-12,-11,-15,4]} 1. e4 g6 2. d4 Bg7 3. Nc3 d5 4. Nxd5 c6 5. Ne3 Qxd4 6. Qxd4 {B06: Modern Defence} Bxd4 7. c3 Bg7 {LiveBook: 6 Games} 8. f4 {White is slightly better.} Nd7 9. Nf3 Nc5 10. e5 Nh6 11. Be2 $146 ({Predecessor:} 11. Nd4 f6 12. exf6 exf6 {1-0 (70) Timofeev,A (2549)-Gochelashvili,D (2432) Sochi 2017}) 11... f6 12. exf6 Bxf6 13. O-O Nf7 14. Nc4 Be6 15. Be3 Na4 16. Na5 Nd6 17. Nd4 Bf7 18. Rab1 O-O 19. Rfc1 c5 20. Nf3 b6 21. Nc6 Bd5 22. Nce5 {And now b3 would win.} Be4 23. Bd3 Bxd3 $1 24. Nxd3 Nc4 $1 $36 {[%cal Rc4e3][%mdl 2048] Black has strong initiative.} 25. Kf2 Rad8 26. Ke2 {[#]} Rd5 (26... Rxd3 $1 $17 {[%mdl 512]} 27. Kxd3 Ncxb2+ 28. Kc2 Nc4) 27. Nfe1 ({Better is} 27. Rc2 $1 $15) 27... Rfd8 28. Rc2 e5 29. fxe5 Bxe5 ({Don't play} 29... Nxe5 30. Nxe5 Rxe5 31. Nf3 $15) 30. Bc1 Re8 (30... Bxh2 $19 {aiming for ...Bg3.} 31. b3 Re8+ 32. Kf1 Bg3 33. bxa4 (33. bxc4 Rh5 $19) 33... Rh5) 31. Kf2 $1 $15 Nd6 (31... Bxh2 $15 32. g3 {[#]} Naxb2 $1 {[%mdl 512]} 33. Rcxb2 Nxb2 34. Rxb2 c4) 32. Nxe5 $11 Rexe5 33. Bh6 b5 {Accuracy: White = 47%, Black = 58%.} 1/2-1/2

[Event "CZE-tht Extraliga 2018-19"]
[Site "Czech Republic"]
[Date "2019.01.13"]
[Round "6"]
[White "Velicka, Petr"]
[Black "Zwardon, Vojtech"]
[Result "1/2-1/2"]
[WhiteElo "2434"]
[BlackElo "2462"]
[Annotator "TA"]
[PlyCount "94"]
[EventDate "2018.11.03"]
[EventType "team-tourn"]
[EventCountry "CZE"]
[SourceTitle "playchess.com"]
[Source "ChessBase"]
[SourceQuality "1"]
[WhiteTeam "Ostrava"]
[BlackTeam "Beskydska"]

{[%evp 19,94,16,29,16,12,13,10,10,18,16,12,14,60,27,28,29,46,29,31,28,33,35,102,95,145,133,136,141,152,-5,-11,-5,-7,-25,-21,-65,-75,-103,-24,-38,-45,-36,-35,-41,-36,-43,-40,-70,-42,-47,-47,-311,-147,-149,-149,-138,-138,-138,-138,-125,-131,-131,-109,-124,-69,-82,-72,-81,-28,-298,-105,-303,0,0,0,0,46]} 1. e4 c5 2. Nf3 Nc6 3. Bb5 g6 4. O-O Bg7 5. Re1 e5 6. a3 $146 {B31: Sicilian: 2...Nc6 3 Bb5 g6} (6. b4 Nxb4 7. Bb2 a6 8. a3 axb5 9. axb4 Rxa1 10. Bxa1 d6 11. bxc5 Ne7 12. Qe2 b4 13. Qc4 Qa5 14. cxd6 Be6 {½-½ (34) Caruana,F (2832)-Carlsen,M (2835) London 2018}) 6... Nge7 7. b4 d6 8. c3 O-O 9. d3 a6 10. Ba4 b5 {LiveBook: 3 Games} 11. Bc2 a5 {[%cal Ra5b4]} 12. bxc5 dxc5 13. Be3 Qd6 14. Nbd2 {[%cal Bb1d2,Bd2c4,Bc4b6][%mdl 32]} a4 15. c4 Na7 16. cxb5 Nxb5 17. Nc4 Qc7 18. Bd2 Bg4 19. h3 Bxf3 20. Qxf3 Rfd8 (20... Nc6 $14) 21. Reb1 $1 $16 {[%cal Rb1b5]} Nd6 {And now ...Nxc4 would win.} 22. Nb6 $1 Ra6 23. Nxa4 Qa7 24. Qd1 $2 (24. Nc3 $16) 24... Nxe4 $1 $11 25. dxe4 {Nc3 is the strong threat.} Rad6 26. Be3 Rxd1+ 27. Rxd1 Rd4 28. Nb2 Nc6 (28... Rxd1+ $1 $17 29. Rxd1 Nc6) 29. Bxd4 exd4 ({Of course not} 29... Nxd4 $6 30. Bd3 $14) 30. Bd3 Ne5 {[%mdl 1024] Black has compensation.} 31. Bf1 {[#]} d3 $1 {[%cal Bd4d3,Bd3d2][%mdl 544]} 32. Rac1 $1 (32. Nxd3 Nxd3) 32... Bh6 $36 {[%mdl 2048] Black has good play.} 33. Rc3 $1 d2 {Strongly threatening ...Qa5.} 34. Nc4 Nxc4 35. Bxc4 $4 {[%mdl 8192] [#]} (35. Rxc4 $15 Qxa3 36. Be2) 35... Qa4 (35... Qa5 $1 $19 {[%cal Ra5c3] and Black stays clearly on top.} 36. Rf3 Qa4 37. Bxf7+ Kg7) 36. Be2 $17 Qxe4 37. Kf1 Qe5 38. Rc4 Qc7 39. a4 Qa5 40. Rc2 Kf8 41. Bb5 Qb4 (41... Qb6 $17 42. f3 Kg7 43. Rdxd2 Bxd2 44. Rxd2 Qf6) 42. Rc4 $1 $15 {[%cal Rc4b4]} Qa3 43. Ke2 f5 ({Better is} 43... Kg7 $17) 44. a5 $2 {[%mdl 8192]} (44. h4 $11) 44... Ke7 $2 (44... Qxa5 $19 {has better winning chances.} 45. Rxc5 Qb6 46. Rc8+ Ke7) 45. a6 $2 {[#]} (45. Rh4 $17 Qxa5 46. Bd3) 45... Kd6 $2 (45... Qa5 $1 $19 {[%cal Ra5b5]} 46. Rxc5 Qb6 47. Re5+ Kd6) 46. Rc2 $11 ({But not} 46. f4 Bg7 $17) 46... Kc7 47. Rb1 Qc1 {Accuracy: White = 52%, Black = 41%.} 1/2-1/2

[Event "CZE-tht Extraliga 2018-19"]
[Site "Czech Republic"]
[Date "2019.01.13"]
[Round "6"]
[White "Cernousek, Lukas"]
[Black "Polak, Tomas"]
[Result "1/2-1/2"]
[WhiteElo "2427"]
[BlackElo "2508"]
[Annotator "ChessBase"]
[PlyCount "61"]
[EventDate "2018.11.03"]
[EventType "team-tourn"]
[EventCountry "CZE"]
[SourceTitle "playchess.com"]
[Source "ChessBase"]
[SourceQuality "1"]
[WhiteTeam "Siesta"]
[BlackTeam "Brno"]
[TimeControl "40/5400+30:1800+30"]

1. e4 {[%emt 0:00:00]} e5 {[%emt 0:00:00]} 2. Nf3 {[%emt 0:00:00]} Nc6 {[%emt 0:00:06]} 3. Bb5 {[%emt 0:00:00]} a6 {[%emt 0:00:25]} 4. Ba4 {[%emt 0:00:00]} Nf6 {[%emt 0:00:16]} 5. O-O {[%emt 0:00:00]} Be7 {[%emt 0:00:14]} 6. Re1 {[%emt 0:00:10]} b5 {[%emt 0:00:17]} 7. Bb3 {[%emt 0:00:02]} d6 {[%emt 0:00:14]} 8. c3 {[%emt 0:00:06]} O-O {[%emt 0:00:17]} 9. h3 {[%emt 0:00:04]} Nb8 {[%emt 0:00:30]} 10. d4 {[%emt 0:00:07]} Nbd7 {[%emt 0:00:13]} 11. Nbd2 {[%emt 0:00:05]} Bb7 {[%emt 0:00:07]} 12. Bc2 {[%emt 0:00:06]} Re8 {[%emt 0:00:21]} 13. Nf1 {[%emt 0:00:05]} Bf8 {[%emt 0:00:16]} 14. Ng3 {[%emt 0:00:07]} g6 {[%emt 0:00:15]} 15. a4 {[%emt 0:00:45]} c5 {[%emt 0:00:26]} 16. d5 {[%emt 0:00:11]} c4 {[%emt 0:00:29]} 17. Bg5 {[%emt 0:00:17]} h6 {[%emt 0:00:46]} 18. Be3 {[%emt 0:00:08]} Nc5 {[%emt 0:00:22]} 19. Qd2 {[%emt 0:02:50]} h5 {[%emt 0:01:05]} 20. Bg5 {[%emt 0:00:14]} Be7 {[%emt 0:00:50]} 21. Bh6 {[%emt 0:08:08]} Nh7 {[%emt 0:01:13]} 22. Be3 {[%emt 0:13:47]} Qc7 {[%emt 0:23:04]} 23. Qe2 {[%emt 0:03:05]} Bf6 {[%emt 0:13:00]} 24. Nh2 {[%emt 0:05:26]} Qe7 {[%emt 0:03:42]} 25. Nf3 {[%emt 0:12:20]} Nf8 {[%emt 0:14:00]} 26. Bxc5 {[%emt 0:12:30]} dxc5 {[%emt 0:00:20]} 27. Reb1 {[%emt 0:00:10]} Qd7 {[%emt 0:14:22]} 28. Nd2 {[%emt 0:05:16]} Reb8 {[%emt 0:04:15]} 29. b3 {[%emt 0:02:22]} cxb3 {[%emt 0:01:25]} 30. Nxb3 {[%emt 0:00:08]} c4 {[%emt 0:03:43]} 31. Nc5 {[%emt 0:22:19]} 1/2-1/2

[Event "CZE-tht Extraliga 2018-19"]
[Site "Czech Republic"]
[Date "2019.01.13"]
[Round "6"]
[White "Kislinsky, Alexey"]
[Black "Votava, Jan"]
[Result "0-1"]
[WhiteElo "2425"]
[BlackElo "2525"]
[Annotator "TA"]
[PlyCount "64"]
[EventDate "2018.11.03"]
[EventType "team-tourn"]
[EventCountry "CZE"]
[SourceTitle "playchess.com"]
[Source "ChessBase"]
[SourceQuality "1"]
[WhiteTeam "Lysa nad Labem"]
[BlackTeam "Pardubice"]

{[%evp 14,64,-32,-53,-18,-47,-37,-124,-124,-278,-292,-327,-354,-336,-345,-329,-349,-326,-334,-411,-410,-402,-361,-361,-347,-354,-354,-343,-334,-489,-489,-489,-488,-467,-480,-510,-510,-510,-502,-516,-498,-499,-499,-489,-475,-479,-438,-447,-429,-637,-629,-874,-873]} 1. e4 e5 2. f4 d5 3. exd5 exf4 4. Nf3 Nf6 5. Nc3 Nxd5 6. Nxd5 Qxd5 7. d4 Be7 8. Bd3 {LiveBook: 3 Games} g5 {aiming for ...g4. C36: King's Gambit Accepted: 3 Nf3 d5} 9. Qe2 (9. O-O Nc6 10. c3 Bg4 11. Re1 Kf8 12. Be4 Qd6 13. Qb3 Rb8 14. Bd2 Kg7 15. Kh1 Bf6 16. Rg1 {0-1 (120) Zelbel,P (2418)-Silva,L (2360) Maia 2018}) 9... Bf5 {...Bxd3 is the strong threat.} 10. Bxf5 (10. O-O $15) 10... Qxf5 $17 {Black is better.} 11. c4 $146 {[#]} (11. Qe5 $17 Qxe5+ 12. Nxe5) ({Predecessor:} 11. g4 Qd7 12. Bd2 Nc6 13. O-O-O {½-½ (13) Viswanathan,K (2028)-Mumenthaler,P (1773) IECC email 2001}) 11... Nc6 $1 $19 12. d5 O-O-O 13. O-O Bc5+ 14. Kh1 Rhe8 15. Qd1 Nb4 16. Ne1 Qe4 17. Qg4+ Kb8 18. Qxg5 Qe2 {[%cal Re2f1] [#]} ({Much less strong is} 18... Qxc4 19. Qxf4 Qxd5 20. a3 $19) 19. Qxf4 Qxe1 $1 20. Bd2 Qe4 21. h3 (21. Bxb4 $142 Bxb4 22. Qxe4 Rxe4 23. Rac1) 21... Nd3 {Black is clearly winning.} 22. Qxe4 Rxe4 23. Rxf7 Rxc4 24. Rxh7 b5 {[%cal Bb7b5,Bb5b4][%mdl 32]} 25. Ba5 Bd6 26. Bc3 b4 27. Bf6 Re8 28. Rh8 Rxh8 29. Bxh8 Rc5 30. Rf1 Rxd5 31. g4 (31. a3 $142) 31... Nf4 32. Bf6 Rd3 {Precision: White = 41%, Black = 84%.} 0-1

[Event "CZE-tht Extraliga 2018-19"]
[Site "Czech Republic"]
[Date "2019.01.13"]
[Round "6"]
[White "Svoboda, Svatopluk"]
[Black "Obsivac, Josef"]
[Result "0-1"]
[WhiteElo "2418"]
[BlackElo "2271"]
[Annotator "TA"]
[PlyCount "78"]
[EventDate "2018.11.03"]
[EventType "team-tourn"]
[EventCountry "CZE"]
[SourceTitle "playchess.com"]
[Source "ChessBase"]
[SourceQuality "1"]
[WhiteTeam "Siesta"]
[BlackTeam "Brno"]

{[%evp 17,78,7,29,36,43,13,26,28,36,20,23,18,55,14,32,14,10,0,30,0,0,0,16,0,11,-31,-22,-90,-100,-72,-35,-105,-46,-69,-55,-300,-114,-205,-172,-166,-23,-28,-34,-92,-92,-161,-164,-159,-151,-151,-162,-202,-216,-297,-256,-380,-371,-1444,-1464,-1977,-961,-1924,-1922]} 1. e4 c5 2. Nf3 e6 3. d4 cxd4 4. Nxd4 Nc6 5. Nc3 Qc7 6. Be3 a6 7. Qf3 {B48: Sicilian: Taimanov: 5 Nc3 Qc7 6 Be3 a6 without Be2} Ne5 8. Qg3 h5 9. h4 d6 {LiveBook: 3 Games} 10. Be2 $146 ({Predecessor:} 10. O-O-O Nf6 11. Be2 b5 12. f4 Nc4 13. Bxc4 Qxc4 14. e5 Ng4 15. exd6 Bxd6 16. Ndxb5 axb5 17. Rxd6 {0-1 (48) Cornette,M (2586)-Stukopin,A (2586) chess.com INT 2017}) 10... Nf6 11. O-O Neg4 12. Bg5 Be7 13. a4 Bd7 14. a5 Bc6 15. Nxc6 (15. f3 {seems wilder.} Ne5 16. Nd1 O-O 17. c3 Bd7 18. Nf2) 15... Qxc6 16. Ra4 Qc7 17. Rd1 Rd8 18. Bd2 O-O 19. Rc4 Qb8 20. Bf4 Ne5 21. Rcd4 Qc7 22. b4 (22. Ra4 $11) 22... Rc8 $1 $17 23. Bd2 Rfd8 24. Na4 {[#]} (24. b5 $15) 24... Qxc2 (24... Nxe4 $1 $17 {[%mdl 512]} 25. Rxe4 Qxc2 {[%mdl 64] Double Attack}) 25. Nb6 $15 Rc6 26. f4 $2 (26. Qa3 $1 $15 Nxe4 {[%mdl 64] Discovered Attack} 27. Rc1) 26... Neg4 $2 ({Weaker is} 26... Nxe4 27. Qe1 $17) (26... Qb2 $1 $19 {[%cal Rb2d4] has better winning chances.} 27. Be1 Qxe2 28. fxe5 Ng4 29. exd6 Rcxd6 $1 {[%mdl 512]}) 27. Bf3 {[#]} (27. Qa3 $17 Nxe4 28. Bxg4 hxg4 29. Rc1 Nxd2 30. Rxc2 Rxc2 31. Qd3) 27... d5 $1 $36 {[%mdl 2560] White is under strong pressure.} 28. Be1 {[%cal Re4d5]} (28. exd5 exd5) 28... Qb2 (28... Ne3 $19 29. R4d2 Nxe4 {[%mdl 64] Double Attack} 30. Rxc2 Nxg3 31. Rxc6 bxc6 32. Bxg3 Nxd1 33. Bxd1 Bxb4 34. Bxh5 Bxa5) 29. e5 $11 Nd7 30. Nxd7 (30. Bxg4 $15 hxg4 31. f5) 30... Rxd7 $17 31. Bxg4 (31. f5 $17 {might work better.} exf5 32. Bxd5) 31... hxg4 $19 32. Qxg4 {[#]} Rc1 $1 33. f5 Rxd1 34. Qxd1 {[#]} Rc7 $1 {[%cal Rc7c1] And now ...Rc1 would win.} ({Don't do} 34... exf5 35. Qd2 $17) 35. f6 gxf6 36. Rg4+ (36. exf6 {was worth a try.} Bxf6 37. Rd2) 36... Kf8 37. Rg3 $2 (37. Qd2 Qxe5 38. Kf1) 37... Rc1 {Black is clearly winning.} 38. Qh5 Rxe1+ {[%mdl 64] Double Attack} 39. Kh2 Ke8 {Accuracy: White = 15%, Black = 54%.} 0-1